| 000 -LEADER |
| fixed length control field |
00920nam a2200217 a 4500 |
| 001 - CONTROL NUMBER |
| control field |
:::00018133$&:&@@ |
| 003 - CONTROL NUMBER IDENTIFIER |
| control field |
OkBaRHE |
| 005 - DATE AND TIME OF LATEST TRANSACTION |
| control field |
20100327131654.0 |
| 008 - FIXED-LENGTH DATA ELEMENTS--GENERAL INFORMATION |
| fixed length control field |
s1981 j 000 0 eng u |
| 020 ## - INTERNATIONAL STANDARD BOOK NUMBER |
| International Standard Book Number |
0878081879 (pbk.) |
| 040 ## - CATALOGING SOURCE |
| Transcribing agency |
|
| 245 10 - TITLE STATEMENT |
| Title |
Perspectives on the world Christian movement: |
| Remainder of title |
a reader. |
| Statement of responsibility, etc |
[Edited by] Ralph D. Winter, Steven C. Hawthorne ; associate editors, Darrell R. Dorr, D. Bruce Graham ; contributing editors, David J. Hesselgrave ... [et al.]. |
| 260 ## - PUBLICATION, DISTRIBUTION, ETC. (IMPRINT) |
| Place of publication, distribution, etc |
Pasadena, CA., : |
| Name of publisher, distributor, etc |
William Carey Library |
| Date of publication, distribution, etc |
1981 |
| 300 ## - PHYSICAL DESCRIPTION |
| Extent |
xv, 846 p. : illus. ; |
| Dimensions |
23 cm. |
| 650 ## - SUBJECT ADDED ENTRY--TOPICAL TERM |
| Topical term or geographic name as entry element |
Evangelistic Work |
| General subdivision |
Addresses, Essays, Lectures |
| 650 ## - SUBJECT ADDED ENTRY--TOPICAL TERM |
| Topical term or geographic name as entry element |
Missions |
| General subdivision |
Addresses, Essays, Lectures |
| 700 ## - ADDED ENTRY--PERSONAL NAME |
| Personal name |
Hawthorne, Steven C., 1953- |
| 700 ## - ADDED ENTRY--PERSONAL NAME |
| Personal name |
Winter, Ralph D. |
| 942 ## - ADDED ENTRY ELEMENTS (KOHA) |
| Source of classification or shelving scheme |
|
| Koha item type |
Books |